Sher-e-Daghistan (Record no. 195158)
[ view plain ]
| 000 -LEADER | |
|---|---|
| fixed length control field | 00365 a2200145 4500 |
| 003 - CONTROL NUMBER IDENTIFIER | |
| control field | Nust |
| 005 - DATE AND TIME OF LATEST TRANSACTION | |
| control field | 20170207154218.0 |
| 040 ## - CATALOGING SOURCE | |
| Transcribing agency | Nust |
| 082 ## - DEWEY DECIMAL CLASSIFICATION NUMBER | |
| Classification number | 808.23 |
| 100 ## - MAIN ENTRY--PERSONAL NAME | |
| Personal name | Khan, Inayat Sher |
| 245 ## - TITLE STATEMENT | |
| Title | Sher-e-Daghistan |
| Statement of responsibility, etc. | Major Inayat Sher Khan (translator) |
| 260 ## - PUBLICATION, DISTRIBUTION, ETC. | |
| Place of publication, distribution, etc. | Rawalpindi |
| Name of publisher, distributor, etc. | Army Education Press |
| Date of publication, distribution, etc. | 2007 |
| 300 ## - PHYSICAL DESCRIPTION | |
| Extent | 543 p. |
| 538 ## - SYSTEM DETAILS NOTE | |
| System details note | Almirah No.66, Shelf No.5 |
| 942 ## - ADDED ENTRY ELEMENTS (KOHA) | |
| Source of classification or shelving scheme | |
| Koha item type | Book |
| Withdrawn status | Lost status | Source of classification or shelving scheme | Damaged status | Not for loan | Collection code | Permanent Location | Current Location | Date acquired | Total Checkouts | Full call number | Barcode | Date last seen | Price effective from | Koha item type |
|---|---|---|---|---|---|---|---|---|---|---|---|---|---|---|
| Military College of Signals (MCS) | Military College of Signals (MCS) | 12/12/2016 | 808.23 KHA | MCS36138 | 12/08/2016 | 12/12/2016 | Book |
